The Confederate records of the State of Georgia /

Bibliographic Details
Corporate Author: Georgia. General Assembly
Other Authors: Candler, Allen Daniel, 1834-1910
Format: Book
Language:English
Published: Atlanta, Ga. : C.P. Byrd, state printer, 1909-1911.
Subjects:

MARC

Tag First Indicator Second Indicator Subfields
LEADER 00000cam a2200000 a 4500
001 in00000062081
005 20151008051116.0
008 751009m19091911gau 00100 eng
010 |a  10011482  
035 |a (OCoLC)01688128 
035 |9 AAG5795AM 
040 |a DLC  |c GUA  |d m.c.  |d TXA  |d UtOrBLW 
049 |a TXAM  |c 1  |v 1 [333571]  |v 2 [333572]  |v 3 [333573]  |c 2  |v 1 [804624]  |v 2 [804625]  |v 3 [804626] 
050 0 0 |a E559  |b .C74 
245 0 4 |a The Confederate records of the State of Georgia /  |c compiled and published under authority of the Legislature by Allen D. Candler. 
264 1 |a Atlanta, Ga. :  |b C.P. Byrd, state printer,  |c 1909-1911. 
300 |a 6 volumes ;  |c 26cm. 
336 |a text  |b txt  |2 rdacontent 
337 |a unmediated  |b n  |2 rdamedia 
338 |a volume  |b nc  |2 rdacarrier 
500 |a Volume 5 never published. 
500 |a Includes indexes. 
650 0 |a Reconstruction (U.S. history, 1865-1877)  |z Georgia. 
651 0 |a Georgia  |x History  |y Civil War, 1861-1865  |x Sources. 
700 1 |a Candler, Allen Daniel,  |d 1834-1910. 
710 1 |a Georgia.  |b General Assembly. 
999 |a MARS 
999 f f |s e8470a3a-6c5a-3bb1-88a6-1e96e6dea322  |i 2f48d046-ef29-3ab6-91f3-68bffc2f3202  |t 0 
952 f f |p normal  |a Texas A&M University  |b College Station  |c Sterling C. Evans Library  |d Evans: Library Stacks  |t 0  |e E559 .C74  |h Library of Congress classification  |i unmediated -- volume  |k v.3  |m A14800682663 
952 f f |p normal  |a Texas A&M University  |b College Station  |c Sterling C. Evans Library  |d Evans: Library Stacks  |t 0  |e E559 .C74  |h Library of Congress classification  |i unmediated -- volume  |k v.1  |m A14807662533 
952 f f |p normal  |a Texas A&M University  |b College Station  |c Sterling C. Evans Library  |d Evans: Library Stacks  |t 0  |e E559 .C74  |h Library of Congress classification  |i unmediated -- volume  |k v.2  |m A14807662591 
998 f f |a E559 .C74  |s v.1-v.3  |t 0  |l Evans: Library Stacks